| 000 | 00891nam0a2200265 4500 | ||
|---|---|---|---|
| 001 | RU\NLR\b_ik\185526 | ||
| 005 | 20250616230917.0 | ||
| 010 |
_a978-5-91775-018-7 _9500 |
||
| 035 | _a(NLR Aleph) 002258041 | ||
| 090 |
_a3780409 _c3780409 |
||
| 100 | _a20100907d2010 |||y0rusy50 ca | ||
| 101 | 0 | _aeng | |
| 102 | _aRU | ||
| 105 | _aac ||||||||| | ||
| 200 | 9 |
_aArt _e[an album] _fLevan Urushadze |
|
| 210 |
_aMoscow _cСпорт и культура - 2000 _d2010 |
||
| 215 |
_a95 c. _cцв. ил., портр. _d28 |
||
| 541 | 0 |
_aИскусство _eЛеван Урушадзе _zrus |
|
| 600 | 0 | 1 |
_aУрушадзе _bЛ. _f1960 _gЛеван _jАльбомы _92605125 _3RU\NLR\AUTH\661541683 |
| 686 | 1 | _aЩ143(2Г)7-8Урушадзе я61 | |
| 700 | 1 |
_aUrušadze _bL. _f1960- _gLevan _4070 |
|
| 801 | 0 |
_aRU _bNLR _c20100907 _gRCR |
|
| 942 | _cBOOK | ||
| 980 | _aNB | ||